[Event "Provincial-ch Valencia Segunda"]
[Site "Valencia"]
[Date "2013.10.05"]
[Round "1"]
[White "Raro Gualda, Javier"]
[Black "Moreno Hidalgo, Francisco"]
[Result "1-0"]
[WhiteElo "1638"]
[BlackElo "1124"]
[PlyCount "41"]
[EventDate "2013.10.05"]
[EventType "swiss"]
[EventRounds "7"]
[EventCountry "ESP"]
[SourceTitle "EXT 2024"]
[Source "ChessBase"]
[SourceDate "2023.10.10"]
[SourceVersion "1"]
[SourceVersionDate "2023.10.10"]
[SourceQuality "1"]

1. e4 c5 2. c3 d6 3. d4 cxd4 4. cxd4 a6 5. Nc3 g6 6. Nf3 Bg4 7. h3 Bxf3 8. Qxf3 Bg7 9. Bc4 e6 10. d5 exd5 11. Bxd5 Qe7 12. 0-0 Nf6 13. Bg5 0-0 14. Rfe1 h6 15. Bxb7 Qxb7 16. Bxf6 Nd7 17. Bxg7 Kxg7 18. b3 Ne5 19. Qe3 Nc6 20. Nd5 f5 21. Qc3+ 1-0